History Quiz

Random History or State Quiz

German States throughout history Part 2 Quiz Stats

 Plays Quiz not verified by Sporcle

Challenge
Share
Tweet
Embed
Score 0/300 Timer 20:00
0 Plays Today
Union(s) State % Correct
HRE, German ConfederationHesse (Kassel)
70.6%
Confederation of the Rhine, German Confederation, North German Confederation, German Empire, Weimar Republic, Bonn Republic, Berlin RepublicHesse (Darmstadt)
70.6%
HRE, German Confederation, North German Confederation, German Empire, Weimar Republic, Bonn Republic, Berlin RepublicHamburg
64.7%
HRE, German ConfederationFrankfurt
58.8%
HRE, German ConfederationHanover
52.9%
HREHesse-Kassel
47.1%
HREHohenzollern
47.1%
HRE, German ConfederationHolstein
47.1%
HREFreiburg
41.2%
HREFranconia (Stem Duchy)
29.4%
HREFranconia (Duchy)
29.4%
HREFrisia
29.4%
HREHesse-Darmstadt
29.4%
HREHolstein-Itzehoe
29.4%
HREHolstein-Kiel
29.4%
HREHolstein-Plön
29.4%
HREHolstein-Rendsburg
29.4%
HREHolstein-Schaumburg
29.4%
HREGeneva (County)
23.5%
HREGeneva (Bishopric)
23.5%
HREGeneva (Free City)
23.5%
HREGorizia
17.6%
HREGroningen (Free City)
17.6%
HREGroningen (Lordship)
17.6%
HREGuelders
17.6%
Weimar RepublicGotha
17.6%
HREHall
17.6%
HREHildesheim (Prince-Bishopric)
17.6%
HREHildesheim (Free City)
17.6%
HREHolland
17.6%
HREFulda
11.8%
HREGoslar
11.8%
HREHabsburg
11.8%
HREHanau
11.8%
HREHausen
11.8%
HREHeilbronn
11.8%
HREHesse-Homburg
11.8%
HREHöchberg
11.8%
HRE, Confederation of the Rhine, German ConfederationHohenzollern-Hechingen
11.8%
HRE, Confederation of the Rhine, German ConfederationHohenzollern-Sigmaringen
11.8%
HRE, Confederation of the RhineIsenburg
11.8%
HREJülich
11.8%
HREFugger-Zinnenberg-Adelshofen
5.9%
HREFugger-Zinnenberg
5.9%
HREFugger-Wörth-Nordendorf
5.9%
HREFugger-Wöllenburg
5.9%
HREFugger-Weissenhorn
5.9%
HREFugger-Sulmentingen
5.9%
HREFugger-Stettenfels
5.9%
HREFugger-Pfirt
5.9%
HREFugger-Nordendorf
5.9%
HREFugger-Moorstetten
5.9%
HREFugger-Mickhausen
5.9%
HREFugger-Kirchheim-Hoheneck
5.9%
HREFugger-Kirchheim
5.9%
HREFugger-Kirchberg-Weißenhorn
5.9%
HREFugger-Kirchberg
5.9%
HREFugger-Grunenbach
5.9%
HREFugger-Göttersdorf
5.9%
HREFugger-Gmünd
5.9%
HREFugger-Glött
5.9%
HREFugger-Dudenstein
5.9%
HREFugger-Boos
5.9%
HREFugger-Babenhausen
5.9%
HREFugger-Adelshofen
5.9%
HREFugger
5.9%
HREFriuli
5.9%
HREFriedberg (County)
5.9%
HREFribourg
5.9%
HREFreiburg im Breisgau
5.9%
HREGelnhausen
5.9%
HREGengenbach (Abbacy)
5.9%
HREGengenbach (Free City)
5.9%
HREGleichen
5.9%
HREGleichen-Blankenhain
5.9%
HREGleichen-Blankenhain Elder Line
5.9%
HREGleichen-Blankenhain Intermediate Line
5.9%
HREGleichen-Blankenhain Younger Line
5.9%
HREGleichen-Rembda
5.9%
HREGleichen-Tonna
5.9%
HREGleichenstein
5.9%
HREGreifensee
5.9%
HREGundelfingen
5.9%
HREGundelfingen-Hellenstein
5.9%
HREHaag
5.9%
HREHabsburg-Laufenburg
5.9%
HREHabsburg-Laufenburg-Alt-Rapperswil
5.9%
HREHabsburg-Laufenburg-Laufenburg
5.9%
HREHabsburg-Laufenburg-Neu-Rapperswil
5.9%
HREHaguenau
5.9%
HREHainaut
5.9%
HREHanau-Babenhausen
5.9%
HREHanau-Lichtenberg
5.9%
HREHanau-Münzenberg
5.9%
HREHarburg
5.9%
HREHeinsberg
5.9%
HREHenneberg-Aschach
5.9%
HREHenneberg-Coburg (County)
5.9%
HREHenneberg-Coburg (Princely County)
5.9%
HREHerford (Abbacy)
5.9%
Union(s) State % Correct
HREHerford (Free City)
5.9%
HREHéricourt
5.9%
HREHersfeld
5.9%
HREHesse-Bingenheim
5.9%
HREHesse-Marburg
5.9%
HREHesse-Rheinfels
5.9%
HREHesse-Rheinfels
5.9%
HREHesse-Rheinfels-Rotenburg
5.9%
HREHesse-Rotenburg
5.9%
HREHesse-Wanfried
5.9%
HREHohenberg (County)
5.9%
HREHohenberg (HRE County)
5.9%
HREHohenberg-Altensteig
5.9%
HREHohenberg-Bulach
5.9%
HREHohenberg-Nagold
5.9%
HREHohenberg-Rottenburg
5.9%
HREHohenberg-Wildberg
5.9%
HREHohenlohe-Neuenstein-Ingelfingen
5.9%
HREHohenlohe-Neuenstein-Kirchberg
5.9%
HREHohenlohe-Neuenstein-Künzelsau
5.9%
HREHohenlohe-Neuenstein-Langenburg
5.9%
HREHohenlohe-Neuenstein-Neuenstein
5.9%
HREHohenlohe-Neuenstein-Oehringen
5.9%
HREHohenlohe-Neuenstein-Weikersheim
5.9%
HREHohenlohe-Uffenheim
5.9%
HREHohenzollern-Haigerloch
5.9%
HREHohenzollern-Hohenberg
5.9%
HREHohenzollern-Hohenzollern
5.9%
HREHohenzollern-Öttingen
5.9%
HREHohenzollern-Schwarzgraf Line
5.9%
HREHohenzollern-Strasbourg Line
5.9%
HREHohnstein
5.9%
HREHolstein-Schaumburg-Gemen
5.9%
HREHolstein-Segeberg
5.9%
HREHomburg (Territory)
5.9%
HREHomburg (Lordship)
5.9%
HREHorne
5.9%
HREHoya
5.9%
HREInner Austria
5.9%
HREIsenberg-Limburg
5.9%
HREIsenburg-Offenbach
5.9%
HREIstria
5.9%
HREJülich-Cleves-Berg
5.9%
HREJustingen
5.9%
HREFleckenstein-Hunsingen
0%
HREFleckenstein-Sulz
0%
HREFleckenstein-Windeck
0%
HREFraumünster
0%
HREFrauenchiemsee
0%
HREFrauenalb
0%
HREFranzenheim
0%
HREFüssen
0%
HREFürstenberg-Wolfach
0%
HREFürstenberg-Weitra
0%
HREFürstenberg-Taikowitz
0%
HREFürstenberg-Stühlingen
0%
HREFürstenberg-Möhringen
0%
HREFürstenberg-Meßkirch
0%
HREFürstenberg-Heiligenberg
0%
HREFürstenberg-Haslach
0%
HREFürstenberg-Geislingen
0%
HREFürstenberg-Fürstenberg
0%
HREFürstenberg-Donaueschingen
0%
HREFürstenberg-Blumberg
0%
HREFürstenberg-Baar
0%
HREFürstenberg (County)
0%
HREFürstenberg (Baronship)
0%
HREFriedberg (Free City)
0%
HREFreudenberg (Lordship)
0%
HREFreudenberg (Abbacy)
0%
HREFreising
0%
HREFraunberg-Haag
0%
HREFraunberg
0%
HREGandersheim
0%
HREGuastalla
0%
HREGemen
0%
HREGemert
0%
HREGernrode
0%
HREGerlachsheim
0%
HREGerolstein and Bettingen
0%
HREGeyer von Giebelstadt
0%
HREGiech
0%
HREGiengen
0%
HREGimborn
0%
HREGlarus
0%
HREGmünd
0%
HREGodesberg
0%
HREGoldineshundare
0%
HREGoltstein
0%
HREGondorf
0%
HREGräfenthal
0%
HREGradisca
0%
HREGrandvillars
0%
HREGranges
0%
HREGravenegg
0%
HREGrävenitz
0%
HREGrävenstein
0%
HREGrubenhagen
0%
HREGruyères
0%
HREGurk
0%
Union(s) State % Correct
HREGutenstein
0%
HREGutenzell
0%
HREHadeln
0%
HREHagenau
0%
HREHainburg
0%
HREHalberstadt (Bishopric)
0%
HREHalberstadt (Principality)
0%
HREHaldenstein
0%
HREHallermund
0%
HREHals
0%
HREHardegg
0%
HREHarrach
0%
HREHarmersbach
0%
HREHartelstein
0%
HREHatzfeld
0%
HREHauenstein
0%
HREHavelberg
0%
HREHeggbach
0%
HREHeideck
0%
HREHeiligenberg
0%
HREHeiligkreuztal
0%
HREHelfenstein
0%
HREHelfenstein-Blaubeuren
0%
HREHelfenstein-Gundelfingen
0%
HREHelfenstein-Helfenstein
0%
HREHelfenstein-Sigmaringen
0%
HREHelfenstein-Spitzenberg
0%
HREHelfenstein-Wellheim
0%
HREHelfenstein-Wiesensteig
0%
HREHelmarshausen
0%
HREHenneberg
0%
HREHenneberg-Bodenlauben
0%
HREHenneberg-Hartenberg
0%
HREHenneberg-Henneberg
0%
HREHenneberg-Römhild
0%
HREHenneberg-Schleusingen
0%
HREHenneberg-Schwarza
0%
HREHenneberg-Strauf
0%
HREHerrenzimmern
0%
HREHerrstein
0%
HREHillesheim
0%
HREHochstaden
0%
HREHohenems
0%
HREHohenems-Hohenems
0%
HREHohenems-Vaduz
0%
HREHohenfels
0%
HREHohengeroldseck
0%
HREHohenlohe
0%
HREHohenlohe-Brauneck
0%
HREHohenlohe-Möckmühl
0%
HREHohenlohe-Neuenstein
0%
HREHohenlohe-Röltingen
0%
HREHohenlohe-Waldenburg
0%
HREHohenlohe-Waldenburg-Bartenstein
0%
HREHohenlohe-Waldenburg-Jagstberg
0%
HREHohenlohe-Waldenburg-Pfedelbach
0%
HREHohenlohe-Waldenburg-Schillingsfürst
0%
HREHohenlohe-Waldenburg-Waldenburg
0%
HREHohenlohe-Weikersheim
0%
HREHohenlohe-Wernsberg
0%
HREHohenrechberg
0%
HREHohenrechberg and Aichen
0%
HREHohenwaldeck and Maxlrain
0%
HREHohnstein-Heldrungen
0%
HREHohnstein-Heringen
0%
HREHohnstein-Heringen-Kelbra
0%
HREHohnstein-Kelbra
0%
HREHohnstein-Klettenberg
0%
HREHohnstein-Lohra-Klettenberg
0%
HREHohnstein-Sondershausen
0%
HREHohnstein-Vierraden and Schwedt
0%
HREHolzappel
0%
HREHorneck
0%
HREHörstgen
0%
HREHöwen
0%
HREIrsee
0%
HREIsenburg-Arenfels
0%
HREIsenburg-Birstein
0%
HREIsenburg-Braunsberg
0%
HREIsenburg-Büdingen
0%
HREIsenburg-Cleeberg
0%
HREIsenburg-Eisenberg
0%
HREIsenburg-Grenzau
0%
HREIsenburg-Grenzau
0%
HREIsenburg-Isenburg
0%
HREIsenburg-Kempenich
0%
HREIsenburg-Kobern
0%
HREIsenburg-Limburg
0%
HREIsenburg-Meerholz
0%
HREIsenburg-Neumagen
0%
HREIsenburg-Philippseich
0%
HREIsenburg-Rönneburg
0%
HREIsenburg-Wächtersbach
0%
HREIsenburg-Wied
0%
HREIsny im Allgäu
0%
HREItter
0%
HREJagdberg
0%
HREJever
0%
HREKäfernburg
0%
HREKaisheim
0%

You're not logged in!

Compare scores with friends on all Sporcle quizzes.
Join for Free
OR
Log In

You Might Also Like...

Show Comments

Extras

Top Quizzes Today


Score Distribution

Your Account Isn't Verified!

In order to create a playlist on Sporcle, you need to verify the email address you used during registration. Go to your Sporcle Settings to finish the process.

Report this User

Report this user for behavior that violates our Community Guidelines.

Details: